[Event "Barcelona Sant Marti op-B 21st"]
[Site "Barcelona"]
[Date "2019.07.17"]
[Round "5"]
[White "Kalagara, Aniketh"]
[Black "Subirana Santos, Marc"]
[Result "1-0"]
[WhiteElo "1189"]
[BlackElo "1652"]
[PlyCount "62"]
[EventDate "2019.07.13"]
[EventType "swiss"]
[EventRounds "9"]
[EventCountry "ESP"]
[SourceTitle "EXT 2020"]
[Source "ChessBase"]
[SourceDate "2019.10.17"]
[SourceVersion "1"]
[SourceVersionDate "2019.10.17"]
[SourceQuality "1"]

1. d4 Nf6 2. Bf4 g6 3. e3 Bg7 4. h3 d6 5. Nf3 0-0 6. Be2 Nc6 7. 0-0 e5 8. dxe5 Ne4 9. c3 dxe5 10. Bh2 Nd6 11. Nbd2 Be6 12. Qa4 a6 13. Rad1 Qc8 14. Qc2 f5 15. Nb3 b6 16. Rd2 h6 17. Rfd1 Ne4 18. Rd3 Rf7 19. Re1 g5 20. Rdd1 g4 21. hxg4 fxg4 22. Qxe4 gxf3 23. Bxf3 Rxf3 24. Qxf3 Bg4 25. Qxc6 Bxd1 26. Rxd1 Rb8 27. Qd7 Qxd7 28. Rxd7 Rc8 29. Re7 Rd8 30. Bxe5 Bxe5 31. Rxe5 Rd7 1-0

[Event "Barcelona Sant Marti op-B 21st"]
[Site "Barcelona"]
[Date "2019.07.14"]
[Round "2"]
[White "Moyano Barrero, Antonio"]
[Black "Kalagara, Aniketh"]
[Result "1-0"]
[WhiteElo "1758"]
[BlackElo "1189"]
[PlyCount "79"]
[EventDate "2019.07.13"]
[EventType "swiss"]
[EventRounds "9"]
[EventCountry "ESP"]
[SourceTitle "EXT 2020"]
[Source "ChessBase"]
[SourceDate "2019.10.17"]
[SourceVersion "1"]
[SourceVersionDate "2019.10.17"]
[SourceQuality "1"]

1. e4 e5 2. Nf3 Nf6 3. Nxe5 d6 4. Nf3 Nxe4 5. Nc3 Nf6 6. d4 Be7 7. Bg5 Bg4 8. Qd2 Bxf3 9. gxf3 Nc6 10. 0-0-0 0-0 11. Bh6 Re8 12. Rg1 g6 13. f4 Qd7 14. Be2 d5 15. h4 Ne4 16. Nxe4 dxe4 17. h5 Rad8 18. c3 a6 19. hxg6 fxg6 20. Bc4+ Kh8 21. d5 Qh3 22. f5 Qxf5 23. a3 Ne5 24. Qe2 b5 25. Bb3 Nd3+ 26. Kb1 Qxf2 27. Rg2 Qxe2 28. Rxe2 Bf8 29. Bg5 Rd7 30. Rxd3 c6 31. Bf6+ Bg7 32. Bxg7+ Kxg7 33. Rdd2 c5 34. Bc2 e3 35. Rd3 Red8 36. Rdxe3 Rxd5 37. Re7+ Kh6 38. Rh2+ Kg5 39. Rexh7 Rf8 40. Rg2+ 1-0

[Event "Udaipur Lakecity op 3rd"]
[Site "Udaipur"]
[Date "2019.03.28"]
[Round "1"]
[White "Kalagara, Aniketh"]
[Black "Ashutosh, Kumar2222"]
[Result "0-1"]
[WhiteElo "1221"]
[BlackElo "1952"]
[PlyCount "42"]
[EventDate "2019.03.28"]
[EventType "swiss"]
[EventRounds "8"]
[EventCountry "IND"]
[SourceTitle "CBM 189 Extra"]
[Source "ChessBase"]
[SourceDate "2019.06.03"]
[SourceVersion "1"]
[SourceVersionDate "2019.06.03"]
[SourceQuality "1"]

1. d4 Nf6 2. Bf4 e6 3. e3 Be7 4. h3 b6 5. Nf3 Bb7 6. Nbd2 d6 7. Bd3 Nbd7 8. 0-0 0-0 9. c4 c5 10. Qc2 Qc7 11. Bh2 Rac8 12. Rfe1 Rfe8 13. b3 Bf8 14. Rad1 g6 15. e4 cxd4 16. Nxd4 a6 17. Kh1 Qc5 18. Bg1 Qh5 19. Be2 Qh6 20. Bf3 Ne5 21. Bh2 g5 0-1

[Event "Vientiane op"]
[Site "Vientiane"]
[Date "2018.12.20"]
[Round "5"]
[White "Jingjang, Shin"]
[Black "Kalagara, Aniketh"]
[Result "1-0"]
[WhiteElo "1526"]
[BlackElo "1146"]
[PlyCount "109"]
[EventDate "2018.12.18"]
[EventType "swiss"]
[EventRounds "9"]
[EventCountry "LAO"]
[SourceTitle "CBM 187 Extra"]
[Source "ChessBase"]
[SourceDate "2018.11.04"]
[SourceVersion "1"]
[SourceVersionDate "2018.11.04"]
[SourceQuality "1"]

1. d4 d5 2. Nf3 Nf6 3. Bf4 c5 4. c3 Nc6 5. e3 Qb6 6. Qb3 c4 7. Qc2 Bf5 8. Qc1 e6 9. Nbd2 Be7 10. h3 0-0 11. Be2 h6 12. 0-0 a5 13. Re1 Rfe8 14. Ne5 Nxe5 15. Bxe5 a4 16. a3 Ne4 17. Bf3 Nxd2 18. Qxd2 Bd6 19. Bxd6 Qxd6 20. e4 dxe4 21. Bxe4 Bxe4 22. Rxe4 Rad8 23. Rae1 b5 24. Re5 Qd7 25. Qe3 Qc6 26. Rc5 Qd7 27. Qe5 Rb8 28. Qg3 Rec8 29. Rh5 Kf8 30. Ree5 Rc7 31. Rxb5 Rxb5 32. Rxb5 Qxb5 33. Qxc7 g6 34. Qd6+ Ke8 35. Qb4 Qc6 36. Kf1 h5 37. f3 Kd8 38. Qf8+ Qe8 39. Qxe8+ Kxe8 40. Ke2 Kd7 41. Ke3 Kd6 42. Ke4 f6 43. g4 hxg4 44. fxg4 f5+ 45. Kf4 Kd5 46. h4 Kd6 47. h5 gxh5 48. gxf5 h4 49. fxe6 Kxe6 50. Kg4 Kd5 51. Kxh4 Kd6 52. Kg3 Kd5 53. Kf4 Kc6 54. Ke5 Kd7 55. Kd5 1-0